Missing Word: Family Matters Quiz Stats

 Plays Quiz Updated Jan 31, 2012

Support Sporcle.
Go Orange.
Score 0/20 Timer 02:00
0 Plays Today
Heading Answer % Correct
How I ________ Your MotherMet
99.2%
O Brother, Where Art ________?Thou
97.9%
________ Are FamilyWe
92.4%
Father of the _________Bride
88.7%
Brothers and ________Sisters
88.6%
________ Mario BrothersSuper
85.9%
Father _________ BestKnows
84.1%
The _________ and the PapasMamas
81.9%
The _________ Family RobinsonSwiss
75.2%
My Sister's ________Keeper
73.6%
Heading Answer % Correct
Sons of ________Anarchy
66.9%
Papa Don't ________Preach
64.6%
Hey, ________ SisterSoul
61.9%
_________ Idiot BrotherOur
56.9%
The Brothers ________Grimm
51.8%
________ Secrets of the Ya-ya SisterhoodDivine
45.1%
The Family ________Stone
40.6%
My Brother Sam Is ________Dead
29.2%
________ and SonsMumford
27.6%
The ________ FamilyPartridge
26.5%

Today's Daily Dose

Missing Word
'80s Musicals

Word Ladder
Hereditary

Get the Picture
Food Names

From the Vault

Irish-English Name Dictionary

by nightfloat

Language 13m
We wonder what Sporcle would be called in Irish?
Remove Ads.
Support Sporcle.
Get the best of Sporcle when you Go Orange. This ad-free experience offers more features, more stats, and more fun while also helping to support Sporcle. Thank you for becoming a member.

Show Comments

Extras

Top Quizzes Today


Score Distribution

Your Account Isn't Verified!

In order to create a playlist on Sporcle, you need to verify the email address you used during registration. Go to your Sporcle Settings to finish the process.

Report this User

Report this user for behavior that violates our Community Guidelines.

Details: